| 000 | 01591nam a2200337 a 4500 | ||
|---|---|---|---|
| 001 | 000011389 | ||
| 003 | DO-SdBNP | ||
| 005 | 20250723150124.0 | ||
| 008 | 091016t2006 dr 000 p spa d | ||
| 020 | _z9945427059 | ||
| 040 |
_aDO-SdBNP _bspa _cBNPHU |
||
| 041 | 1 | 7 |
_aspa _2eng |
| 082 | 4 |
_aRD868.44 _bE77a _222 |
|
| 100 | 1 |
_aEspillat, Rhina, _d1932- _927002 |
|
| 245 | 1 | 0 |
_aAguas de dos ríos : _bpoemas, prosa y traducciones : una colección bilingüe / _cRhina Espaillat ; prólogo Silvio Torres-Saillant ; edición Amado Alexis Santana Chalas. |
| 260 |
_aSanto Domingo : _bNacional, _c2006. |
||
| 300 |
_a201 p. ; _c23 cm. |
||
| 490 | _aUltramar | ||
| 500 | _aIncluye datos biográficos del autor en la solapa de la cubierta. | ||
| 504 | _aBibliografía : p. 29 -31. | ||
| 505 | 0 |
_gFormalismo y credo musical : introducción a la poesía de Rhina P. Espaillat / _tSilvio Torres-Saillant -- _tPoemas escritos en español con su traducciones al inglés -- _tProse written in both languages = Prosa escrita en ambos idiomas -- _tA collection of poems written in english = Una colección de poemas escritos en inglés -- _tTranslations from poems in spanish into english -- _tTranslations from poems in english into spanish. |
|
| 546 | _aEspañol, Inglés. | ||
| 650 | 0 |
_aProsa dominicana _912146 |
|
| 650 | 0 |
_aPoesía dominicana _966 |
|
| 650 | 0 |
_aLiteratura dominicana. _967 |
|
| 700 | 1 |
_aSantana Chalas, Alexis, _eed. _927003 |
|
| 700 | 1 |
_aTorres-Saillant, Silvio, _epról. _927004 |
|
| 830 |
_aUltramar _91892 |
||
| 910 | _aValidado. Control de calidad EMS | ||
| 942 |
_2ddc _cLBS1 |
||
| 999 |
_c11096 _d11096 |
||